| 000 | 00733nam a2200241Ia 4500 | ||
|---|---|---|---|
| 003 | OSt | ||
| 005 | 20220923221138.0 | ||
| 006 | a|||||r|||| 00| 0 | ||
| 007 | ta | ||
| 008 | 220922b |||||||| |||| 00| 0 hin d | ||
| 024 | _a195,609 | ||
| 037 | _cTextual | ||
| 040 |
_aARTS _cARTS _bhin |
||
| 041 |
_2hin _ahin |
||
| 082 | _aR32, 152L4 | ||
| 100 | _aमसीह, याकुब | ||
| 245 | 0 | _aहेगेल और ब्रैडले का प्रत्ययवाद | |
| 246 | _aHegel aur braiḍale kā pratyayavāda | ||
| 260 |
_aपटना _b बिहार _c1974 |
||
| 300 |
_a379पृ. _ccm. |
||
| 942 |
_hR32, 152L4 _cTEXL _2CC |
||
| 999 |
_c347753 _d347753 |
||